| 000 | 00871cam a2200289 4500 | ||
|---|---|---|---|
| 008 | 090401t1990 xxu||||| |||| 00| 0 eng d | ||
| 020 | _a0632026820 | ||
| 035 | _a(Sirsi) u66295 | ||
| 041 | _aeng | ||
| 050 | _a692.5 | ||
| 245 | _aQuantity surveying techniques: new directions | ||
| 260 |
_aOxford _bBSP Professional Books _c1990 |
||
| 300 | _axi,268p. ; 24cm. | ||
| 350 | _a37.5 | ||
| 520 | _aWork commissioned by Royal Institution of Chartered Surveyors Quantity Surveyors Division Research and Development Committee. | ||
| 650 | _aCOMPUTER AIDED DESIGN | ||
| 650 | _aDEVELOPMENT APPRAISAL | ||
| 650 | _aESTIMATING | ||
| 650 | _aEXPERT SYSTEMS | ||
| 650 | _aLIFE CYCLE COSTING | ||
| 650 | _aProcurement-old | ||
| 650 | _aRISK ANALYSIS | ||
| 650 | _aVALUE ENGINEERING | ||
| 700 |
_aBrandon, Peter S. _xEditor |
||
| 942 | _n0 | ||
| 948 | _c04/03/1997 | ||
| 999 |
_c94844 _d94844 |
||